5HLuxD.jpg

KING HENRY VIII SENIOR AND PRIMARY SCHOOL LIBRARY OPAC

LITTLE MISS NAUGHTY (Record no. 4910)

000 -LEADER
fixed length control field 00305nam a22001217a 4500
008 - FIXED-LENGTH DATA ELEMENTS--GENERAL INFORMATION
fixed length control field 250422b ||||| |||| 00| 0 eng d
020 ## - INTERNATIONAL STANDARD BOOK NUMBER
International Standard Book Number 9780603569081
082 ## - DEWEY DECIMAL CLASSIFICATION NUMBER
Classification number 823.914 HEA
100 ## - MAIN ENTRY--PERSONAL NAME
Personal name HEAGREAVES,ROGER
Relator term AUTHOR
245 ## - TITLE STATEMENT
Title LITTLE MISS NAUGHTY
260 ## - PUBLICATION, DISTRIBUTION, ETC.
Place of publication, distribution, etc. GREAT BRITAIN
Name of publisher, distributor, etc. EGMONT
Date of publication, distribution, etc. 2013
942 ## - ADDED ENTRY ELEMENTS (KOHA)
Source of classification or shelving scheme
Holdings
Withdrawn status Lost status Source of classification or shelving scheme Damaged status Not for loan Collection code Permanent Location Current Location Shelving location Date acquired Total Checkouts Full call number Barcode Date due Date last seen Date last checked out Price effective from Koha item type Public note
          Fiction KH8 Primary School Library KH8 Primary School Library Fiction 2025-04-22 2 823.914 HEA KHPL000006763 2026-02-26 2026-02-11 2026-02-11 2025-04-22 Books - Fiction KH8 PRIMARY LIBRARY

Powered By KH8 IT Dept